00348nam a2200145Ia 4500008004100000041000800041082001300049100001800062245002300080250001300103260004400116300000800160365001600168700001800184230718s9999 xx 000 0 und d aeng a691bVAR aVarghese P.C. aBuilding Materials a3 rd Ed. c2008bPrentice -Hall of India Pvt. Ltd. a267 cRs.b225.00 aVarghese P.C.